Development planning in India: (Record no. 17784)

MARC details
000 -LEADER
fixed length control field 00762nam a22002177a 4500
005 - DATE AND TIME OF LATEST TRANSACTION
control field 20081020150054.0
008 - FIXED-LENGTH DATA ELEMENTS--GENERAL INFORMATION
fixed length control field 081020t xxu||||| |||| 00| 0 eng d
010 ## - LIBRARY OF CONGRESS CONTROL NUMBER
LC control number ENG-84478
020 ## - INTERNATIONAL STANDARD BOOK NUMBER
International Standard Book Number 8178842920
020 ## - INTERNATIONAL STANDARD BOOK NUMBER
Terms of availability 700.00 (hb)
035 ## - SYSTEM CONTROL NUMBER
System control number EN-68011
082 ## - DEWEY DECIMAL CLASSIFICATION NUMBER
Classification number 338.954 / TYA
100 ## - MAIN ENTRY--PERSONAL NAME
Personal name Tyagi, Harish
245 ## - TITLE STATEMENT
Title Development planning in India:
Remainder of title an analysis /
Statement of responsibility, etc by Harish Tyagi
260 ## - PUBLICATION, DISTRIBUTION, ETC. (IMPRINT)
Place of publication, distribution, etc New Delhi
Name of publisher, distributor, etc Cyber Tech Publications
260 ## - PUBLICATION, DISTRIBUTION, ETC. (IMPRINT)
Date of publication, distribution, etc 2007
300 ## - PHYSICAL DESCRIPTION
Extent 269p
Dimensions 22cm
500 ## - GENERAL NOTE
General note Includes bibliographical references and index
942 ## - ADDED ENTRY ELEMENTS (KOHA)
Source of classification or shelving scheme Dewey Decimal Classification
Koha item type English Books
Classification part 338.954
Call number suffix TYA
Holdings
Withdrawn status Lost status Source of classification or shelving scheme Damaged status Not for loan Home library Current library Date acquired Cost, normal purchase price Total Checkouts Full call number Barcode Date last seen Copy number Cost, replacement price Price effective from Koha item type
    Dewey Decimal Classification   Not For Loan D.B.Act.Division D.B.Act.Division 08/03/2007 700.00   338.954 TYA EN-68011 04/11/2008 1 700.00 04/11/2008 English Books

© Delhi Public Library
Hit Counter
free hit counter